LEADER 00766nam0-22002651i-450-
001 990001011270403321
035 $a000101127
035 $aFED01000101127
035 $a(Aleph)000101127FED01
035 $a000101127
100 $a20000920d1968----km-y0itay50------ba
101 0 $aeng
200 1 $a1968 Intermag Conference$eScanning Electron Micrograph of Plated Cross Section
210 $aNew York$cIEEE$d1968
300 $aIEEE Transactions on Magnetics Vol. Mag-4 N. 3 September 1968.
610 0 $aProprietà magnetiche
676 $a538.3
801 0$aIT$bUNINA$gRICA$2UNIMARC
901 $aBK
912 $a990001011270403321
952 $a29A-030$b14740$fFI1
959 $aFI1
996 $a1968 Intermag Conference$9354964
997 $aUNINA
DB $aING01
LEADER 01426nam2-2200421li-450
001 990000239380203316
005 20180312154831.0
010 $a0-471-60013-X
035 $a0023938
035 $aUSA010023938
035 $a(ALEPH)000023938USA01
035 $a0023938
100 $a2001993041992-------y0itay0103----ba
101 0 $aeng
102 $aUS
200 1 $aIntroduction to renormalization group methods in physics$fR. J. Creswick, H. A. Farach, C. P. Poole
210 $aNew York [etc.]$cJohn Wiley & Sons$dcopyr. 1992
215 $aXIV, 409 p.$cill.$d24 cm
225 2 $a<> Wiley-Interscience publication$v0
410 0$10010023935$12001$a<> Wiley-Interscience publication
610 1 $aFisica matematica
676 $a53015$9Fisica matematica
700 1$aCreswick,$bR. J.$0727179
702 1$aFarach,$bHoracio A.
702 1$aPoole,$bCharles P.
801 $aSistema bibliotecario di Ateneo dell' Università di Salerno$gRICA
912 $a990000239380203316
951 $a530.15 CRE$b0014770/CBS$c530.15$d00325644
959 $aBK
969 $aSCI
979 $c19930406
979 $c20001110$lUSA01$h1715
979 $c20020403$lUSA01$h1632
979 $aPATRY$b90$c20040406$lUSA01$h1617
979 $aPATRY$b90$c20070626$lUSA01$h1526
979 $aRSIAV7$b90$c20090804$lUSA01$h0915
996 $aIntroduction to renormalization group methods in physics$91502287
997 $aUNISA